1683 1450 1383 1580 1616 1126 1552 1284 1847 1231 1980 1667 1975 1296 1666 1055 1610 1140 1800 1625 1317 1516 1636 1409 1073 1479 1329 1066 1833 1073 1941 1848 1635 1543 1708 1851 1920 1894 1166 1038 1943 1294 1663 1574 1723 1994 1777 1214 1829 1846 1926 1562 1062 1400 1758 1469 1956 1972 1123 1113 1193 1509 1949 1381 1480 1314 1924 1250 1330 1215 1087 1789 1447 1661 1305 1415 1882 1468 1648 1607 1076 1533 1796 1987 1432 1214 1886 1563 1763 1903 2000 1567 1242 1711 1885 1017 1237 1962 1333 BCNSPRNW ULIB Ver.6.0+V

เปลี่ยนเป็นภาษาไทย

Change to English
 แสดงรายละเอียดบรรณานุกรม
  กลับหน้าหลัก

Brief Record : Get Marc (ISO 2709) : E-mail record : QR code < ปิดหน้าต่าง
LEADER : 00000nam 2200000uu 4500
001    13399110589
003     ULIB
008    110603s2544||||th 000 0 tha d
020    9740009638
060 04 WQ200^bก124ก 2544
245 00 การใช้ยาในสตรีตั้งครรถ์ ความพิการต่อทารก :^bฉบับมาตรฐาน /^cรวบรวมและเรียบเรียงโดย กนกกร สุนทรขจิต
260    กรุงเทพฯ :^bโรงพิมพ์คุรุสภาลาดพร้าว,^c2544
300    300 หน้า :^bภาพประกอบ ;^c22 ซม.
650  7 ภาวะแทรกซ้อนขณะมีครรภ์
650  7 การรักษาด้วยยา^xในหญิงมีครรภ์
650  7 การใช้ยา^xในหญิงมีครรภ์
650  7 การใช้ยา^xในวัยทารกและเด็ก
650  7 การใช้ยาในสตรีมีครรภ์
650  7 สตรีมีครรภ์
700 0  กนกกร สุนทรขจิต,^eผู้รวบรวม
945    ^p295^l0^i016415
945    ^p295^l0^i016414
945    ^p295^l0^i014786
945    ^p295^l0^i014785
945    ^p295^l0^i014783
945    ^p295^l0^i014782
945    ^p295^l0^i014781
945    ^p295^l0^i014780
945    ^p295^l0^i016416
945    ^p295^l0^i014784
945    ^p295^l0^i014779
995    ทศพร
999 ^a ใช้งานได้ทุกระบบ
รายการนี้ยังไม่มีแท็ก
คุณยังไม่ได้ล็อกอิน คุณสามารถมีกิจกรรมร่วมกับเว็บไซต์ได้ แต่ต้องล็อกอินก่อน ::
  ล็อกอิน

รายการสื่อสารสนเทศ

ลำดับที่ ประเภท เลขเรียก/บาร์โค้ด สถานที่ สถานะ
- ไม่พบข้อมูล -

รายการใกล้เคียง
    หัวเรื่อง [ภาวะแทรกซ้อนขณะมีครรภ์]
    หัวเรื่อง [การใช้ยาในสตรีมีครรภ์]
    หัวเรื่อง [สตรีมีครรภ์]

BibComment


ยังไม่เคยถูกคอมเมนท์

คอมเมนท์ทรัพยากรรายการนี้
  คอมเมนท์: การใช้ยาในสตรีตั้..


 Copyright 2026. Bcnsprnw @Library